| 000 | 00501nam a2200181Ia 4500 | ||
|---|---|---|---|
| 003 | OSt | ||
| 005 | 20251230125359.0 | ||
| 008 | 210210b1951 xxu||||| |||| 00| 0 eng d | ||
| 040 | _cAL | ||
| 041 | _aKannada | ||
| 082 | _a859/2141 | ||
| 100 |
_aSITATARAMAYYA (M V) _9158243 _dಸೀತಾರಾಮಯ್ಯ (ಎಂ ವಿ) |
||
| 245 |
_aSaubhagyavati: _bಸೌಭಾಗ್ಯವತಿ |
||
| 260 |
_aBengaluru _b- _c1951 |
||
| 690 |
_aKannada Fiction _9158244 |
||
| 906 | _a022854 | ||
| 942 |
_2ddc _cBK |
||
| 999 |
_c147513 _d147513 |
||